Využiteľnosť rýchleho testu na zistenie koncentrácie B-natriuretického peptidu na rozlíšenie kongestívneho srdcového zlyhania od pľúcneho ochorenia u pacientov prijímaných pre dýchavicu

Bibliographic Details
Other Authors: Morrison, L.K (apd), Harrison, A. (apd), Krishnaswamy, P. (apd), Kazanegra, R. (apd), Clopton, P. (apd), Maisel, A. (apd)
Format: Article
Language:Slovak
ISSN:1335-8278
Subjects:

MARC

LEADER 00000nab a2200000 a 4500
001 vtls001495837
003 SK-MaSNL
005 20260303202034.0
008 050218c2002 xo 0 slo
015 |a SNBCL2005/2 
040 |a SLKCL  |b slo  |c SNKBUCL  |e AACR2 
041 |a slo 
044 |a xo  |c SK 
080 |a 616.12:616.24-07-085  |2 1981 
245 0 0 |a Využiteľnosť rýchleho testu na zistenie koncentrácie B-natriuretického peptidu na rozlíšenie kongestívneho srdcového zlyhania od pľúcneho ochorenia u pacientov prijímaných pre dýchavicu  |c L.K. Morrison ... [et al.] 
500 |a J Am Coll Cardiol 2002:39:202-9 Utility of a rapid B-Natriuretic peptide assay in differentiating congestive heart failure from lung disease in patients presenting with dyspnea 
504 |a Bibliogr. odkazy 
650 0 7 |a faktor predsieňový nátriuretický  |x analýza  |2 MESH  |9 1233379 
650 0 7 |a kongestívne zlyhanie srdca  |2 MESH  |9 60161 
650 0 7 |a dýchavičnosť  |2 MESH  |9 28017 
650 0 7 |a choroby kardiovaskulárne  |x klasifikácia  |2 MESH  |9 1233380 
650 0 7 |a štúdie klinické  |2 MESH  |9 840835 
650 0 7 |a choroby pľúc, obštrukčné chronické  |x komplikácie  |2 MESH  |9 1233381 
700 1 |a Morrison, L.K.  |4 apd  |9 1233382 
700 1 |a Harrison, A.  |4 apd  |9 1233383 
700 1 |a Krishnaswamy, P.  |4 apd  |9 1233384 
700 1 |a Kazanegra, R.  |4 apd  |9 1233385 
700 1 |a Clopton, P.  |4 apd  |9 1233386 
700 1 |a Maisel, A.  |4 apd  |9 1233387 
773 0 |w SERIAL_GENERAL*000179*2002*002*003  |x 1335-8278  |t Journal of the American College of Cardiology  |g Roč. 2, č. 3 (2002), s. 223 
850 |a Slovenská lekárska knižnica v Bratislave  |a BA006 
852 |a BA006  |b KIS3GCP  |b 000500000 
999 |c 2177513  |d 2179443